| 000 -LEADER |
| fixed length control field |
00688nam a22001337a 4500 |
| 040 ## - CATALOGING SOURCE |
| Transcribing agency |
RUA |
| 082 ## - DEWEY DECIMAL CLASSIFICATION NUMBER |
| Classification number |
LMA SON 2023 B1-398 Or.1 |
| 100 ## - MAIN ENTRY--AUTHOR NAME |
| Personal name |
SONG HENGVIREAK BUTH សុង ហេងវិរៈបុត្រ |
| 245 ## - TITLE STATEMENT |
| Title |
USING DRONE TO GENERATE ORTHOPHOTO MAPS AND ALTITUDE DATA (DTM) ការប្រើប្រាស់ ដ្រូន ដើម្បីផលិតផែនទី អ័រតូហ្វូតូ និងទិន្នន័យរយៈកម្ពស់ ឌីធីអឹម |
| 260 ## - PUBLICATION, DISTRIBUTION, ETC. (IMPRINT) |
| Place of publication |
RUA |
| Name of publisher |
PHNOM PENH |
| Year of publication |
2023 |
| 300 ## - PHYSICAL DESCRIPTION |
| Number of Pages |
x |
| Other physical details |
ill |
| Dimensions |
29cm |
| 856 ## - ELECTRONIC LOCATION AND ACCESS |
| Uniform Resource Identifier |
https://drive.google.com/file/d/1s8oWcr3qxeekkY22u7DHFzD8DOOYgMOc/view?usp=sharing |
| 942 ## - ADDED ENTRY ELEMENTS (KOHA) |
| Koha item type |
LMA |
| 952 ## - LOCATION AND ITEM INFORMATION (KOHA) |
| Withdrawn status [LOCAL, KOHA] |
0 |
| 952 ## - LOCATION AND ITEM INFORMATION (KOHA) |
| Withdrawn status [LOCAL, KOHA] |
0 |